00421nam a2200157Ia 4500008004100000040001900041041001200060082002300072100001700095245004400112260002600156300001900182650002300201651002300224850001600247131103s9999 xx 000 0 und d aLoreto College aEnglish aF/PLAbLCBED/10826 aPlaidy, Jean aIn the shadow of the crowncJean Plaidy aLondonbFontanac1990 a554p. c 18cm. aFiction in English aEnglish literature aLCBED/F/PLA